|
|
|
|
| LEADER |
02771nam a2200637 a 4500 |
| 001 |
nkc20122417093 |
| 003 |
CZ PrNK |
| 005 |
20130110075111.0 |
| 007 |
ta |
| 008 |
121123s2012 xr acehf 000 0 cze |
| 015 |
|
|
|a cnb002417093
|
| 020 |
|
|
|a 978-80-7211-427-6
|q (váz.)
|
| 035 |
|
|
|a (OCoLC)823821674
|
| 040 |
|
|
|a ABA001
|b cze
|d BOA001
|
| 043 |
|
|
|a e-xr---
|b e-xr-pl
|2 czenas
|
| 045 |
|
|
|a w4y1
|
| 072 |
|
7 |
|a 663
|x Průmysl nápojů. Kvasný průmysl. Průmysl pochutin
|2 Konspekt
|9 19
|
| 080 |
|
|
|a 663.4:005.71
|2 MRF
|
| 080 |
|
|
|a 663.4
|2 MRF
|
| 080 |
|
|
|a (437.317)
|2 MRF
|
| 080 |
|
|
|a (048.8)
|2 MRF
|
| 100 |
1 |
|
|a Kejha, Josef,
|d 1948-
|7 ola2003169615
|4 aut
|
| 245 |
1 |
0 |
|a Příběh, který nepřestává inspirovat :
|b Plzeňský Prazdroj - od roku 1842 /
|c Josef Kejha, Jiří Janouškovec, Vladimír Jurina
|
| 246 |
1 |
|
|i Název v tiráži:
|a Plzeňský Prazdroj 1842-2012
|
| 246 |
3 |
0 |
|a Plzeňský Prazdroj - od roku 1842
|
| 246 |
1 |
4 |
|a Plzeňský Prazdroj
|
| 250 |
|
|
|a Vyd. 1.
|
| 260 |
|
|
|a Plzeň :
|b Nava,
|c 2012
|
| 300 |
|
|
|a 245 s. :
|b il. (převážně barev.), portréty, plány, faksim. ;
|c 29 cm
|
| 500 |
|
|
|a Vydáno pro Plzeňský Prazdroj
|
| 504 |
|
|
|a Obsahuje bibliografii
|
| 610 |
2 |
7 |
|a Měšťanský pivovar v Plzni
|7 kn20080107017
|2 czenas
|
| 610 |
2 |
7 |
|a Plzeňské pivovary (firma : 1946-1964)
|7 ko2008416769
|2 czenas
|
| 610 |
2 |
7 |
|a Plzeňský Prazdroj (firma : 1964-1992)
|7 ko2008416771
|2 czenas
|
| 610 |
2 |
7 |
|a Plzeňský Prazdroj (firma : 1994- )
|7 ko2008416774
|2 czenas
|
| 648 |
|
4 |
|a 1842-2012
|
| 648 |
|
7 |
|a 19.-21. století
|7 ch757016
|2 czenas
|
| 650 |
0 |
7 |
|a pivovary
|7 ph115732
|z Česko
|y 19.-21. století
|2 czenas
|
| 650 |
0 |
7 |
|a pivovarnictví
|7 ph115731
|z Česko
|y 19.-21. století
|2 czenas
|
| 650 |
0 |
9 |
|a breweries
|z Czechia
|y 19th-21st centuries
|2 eczenas
|
| 650 |
0 |
9 |
|a beer industry
|z Czechia
|y 19th-21st centuries
|2 eczenas
|
| 651 |
|
7 |
|a Plzeň (Česko)
|7 ge130439
|2 czenas
|
| 651 |
|
9 |
|a Plzeň (Czechia)
|2 eczenas
|
| 655 |
|
7 |
|a monografie
|7 fd132842
|2 czenas
|
| 655 |
|
9 |
|a monographs
|2 eczenas
|
| 700 |
1 |
|
|a Janouškovec, Jiří,
|d 1949-2013
|7 pna2010614080
|4 aut
|
| 700 |
1 |
|
|a Jurina, Vladimír
|7 ola2005298277
|4 aut
|
| 710 |
2 |
|
|a Plzeňský Prazdroj (firma : 1994- )
|7 ko2008416774
|
| 856 |
4 |
1 |
|u https://www.digitalniknihovna.cz/mzk/uuid/uuid:fbb11010-b9e6-11e5-b5dc-005056827e51
|y Digitalizovaný dokument
|x NDK
|
| 910 |
2 |
|
|a BOA001
|b 4-1294.536
|
| 990 |
|
|
|a BK
|
| 995 |
|
|
|a 01
|
| 991 |
|
|
|b 201212
|c NOV
|e n
|
| 996 |
6 |
|
|b 2610528968
|c 4-1294.536
|l MZK
|r Sklad / do 1 hodiny
|n 1
|p p.v.
|w 001299670
|u 000010
|a 1
|e BOA001
|j MZK50
|s P
|
| 996 |
6 |
|
|b 2610530530
|c 4-1294.536
|l MZK
|r STM 6p
|n 0
|p kup
|h 663 KEJ
|w 001299670
|u 000020
|a 0
|e BOA001
|j MZK50
|s P
|
| 996 |
7 |
|
|b 2610530531
|c 4-1294.536
|l MZK
|r Sklad / do 1 hodiny
|n 5
|p kup
|w 001299670
|u 000030
|a 1
|e BOA001
|j MZK50
|s A
|